| 000 | 00422cam a2200157ua 4500 | ||
|---|---|---|---|
| 999 |
_c14793 _d14793 |
||
| 020 | _a9789380358963 | ||
| 082 |
_a604.2 _bBHA/EL |
||
| 100 |
_aBhatt, N.D . _91433 |
||
| 245 | _aEngineering drawing (plane and solid geometry) | ||
| 250 | _a53rd | ||
| 260 |
_aAnand : _bCharotar Publishing house pvt. ltdl , _c2014 |
||
| 300 | _a718p ; . | ||
| 700 |
_aPancha, V M _92005 |
||
| 700 |
_aingle, Pramod R _91435 |
||
| 942 | _cBK | ||